000 00628nam a2200229Ia 4500
003 OSt
005 20220923230539.0
006 a|||||r|||| 00| 0
007 ta
008 Pun
024 _a283,071
037 _cTextual
040 _aARTS
_cARTS
_bPun
041 _2Pun
_aPun
082 _aO153,3NNEx, M3
100 _aਨੀਲਗਿਰੀ, ਤਰਸੇਮ ਸਿੰਘ
245 0 _aਮੰਟੋ ਮਰ ਗਿਆ
260 _c1983
650 _aਪੰਜਾਬੀ ਸਾਹਿਤ
942 _hO153,3NNEx, M3
_cTEXL
_2CC
999 _c385614
_d385614